<?xml version="1.0" encoding="UTF-8"?>
<record
    xmlns:xsi="http://www.w3.org/2001/XMLSchema-instance"
    xsi:schemaLocation="http://www.loc.gov/MARC21/slim http://www.loc.gov/standards/marcxml/schema/MARC21slim.xsd"
    xmlns="http://www.loc.gov/MARC21/slim">

  <leader>01017cam a2200277a 44500</leader>
  <controlfield tag="003">OSt</controlfield>
  <controlfield tag="005">20150408113744.0</controlfield>
  <controlfield tag="008">030308s1998 su g 00000 ara dd</controlfield>
  <datafield tag="020" ind1=" " ind2=" ">
    <subfield code="a">9960758125</subfield>
  </datafield>
  <datafield tag="040" ind1=" " ind2=" ">
    <subfield code="a">SA-RiAUC</subfield>
    <subfield code="b">ara</subfield>
    <subfield code="c">SA-RiAUC</subfield>
  </datafield>
  <datafield tag="041" ind1=" " ind2=" ">
    <subfield code="a">&#x639;&#x631;&#x628;&#x64A;</subfield>
  </datafield>
  <datafield tag="043" ind1=" " ind2=" ">
    <subfield code="a">ar-----</subfield>
  </datafield>
  <datafield tag="072" ind1="0" ind2=" ">
    <subfield code="a">065</subfield>
    <subfield code="x">&#x627;&#x644;&#x635;&#x646;&#x627;&#x639;&#x627;&#x62A;</subfield>
  </datafield>
  <datafield tag="082" ind1="0" ind2="4">
    <subfield code="a">686.209 &#x62C; &#x649; &#x637;</subfield>
  </datafield>
  <datafield tag="092" ind1=" " ind2=" ">
    <subfield code="a">686.209</subfield>
    <subfield code="b">&#x62C; &#x649; &#x637;</subfield>
  </datafield>
  <datafield tag="100" ind1="1" ind2=" ">
    <subfield code="a">&#x62C;&#x646;&#x64A;&#x62F;&#x60C; &#x64A;&#x62D;&#x64A;&#x649; &#x645;&#x62D;&#x645;&#x648;&#x62F;.</subfield>
    <subfield code="9">2318</subfield>
  </datafield>
  <datafield tag="245" ind1="1" ind2="2">
    <subfield code="a">&#x627;&#x644;&#x637;&#x628;&#x627;&#x639;&#x629; &#x641;&#x64A; &#x634;&#x628;&#x647; &#x627;&#x644;&#x62C;&#x632;&#x64A;&#x631;&#x629; &#x627;&#x644;&#x639;&#x631;&#x628;&#x64A;&#x629; &#x641;&#x64A; &#x627;&#x644;&#x642;&#x631;&#x646; &#x627;&#x644;&#x62A;&#x627;&#x633;&#x639; &#x639;&#x634;&#x631; &#x645;&#x64A;&#x644;&#x627;&#x62F;&#x64A; (1297-1317&#x647;&#x640;) /</subfield>
    <subfield code="c">&#x64A;&#x62D;&#x64A;&#x649; &#x645;&#x62D;&#x645;&#x648;&#x62F; &#x628;&#x646; &#x62C;&#x646;&#x64A;&#x62F;.</subfield>
  </datafield>
  <datafield tag="250" ind1=" " ind2=" ">
    <subfield code="a">&#x637;. 1.</subfield>
  </datafield>
  <datafield tag="260" ind1=" " ind2=" ">
    <subfield code="a">&#x627;&#x644;&#x631;&#x64A;&#x627;&#x636;</subfield>
    <subfield code="b">&#x62F;&#x627;&#x631; &#x623;&#x62C;&#x627;&#x60C;</subfield>
    <subfield code="c">1418] 1998 &#x623;&#x648; 1419]</subfield>
  </datafield>
  <datafield tag="300" ind1=" " ind2=" ">
    <subfield code="a">167 &#x635;. &#x61B;</subfield>
    <subfield code="c">24 &#x633;&#x645;. 7</subfield>
  </datafield>
  <datafield tag="650" ind1=" " ind2=" ">
    <subfield code="a">&#x627;&#x644;&#x637;&#x628;&#x627;&#x639;&#x629;</subfield>
    <subfield code="x">&#x62A;&#x627;&#x631;&#x64A;&#x62E;</subfield>
    <subfield code="2">aucsh. 7</subfield>
    <subfield code="9">2319</subfield>
  </datafield>
  <datafield tag="650" ind1=" " ind2=" ">
    <subfield code="a">&#x627;&#x644;&#x637;&#x628;&#x627;&#x639;&#x629;</subfield>
    <subfield code="z">&#x634;&#x628;&#x647; &#x627;&#x644;&#x62C;&#x632;&#x64A;&#x631;&#x629; &#x627;&#x644;&#x639;&#x631;&#x628;&#x64A;&#x629;</subfield>
    <subfield code="x">&#x62A;&#x627;&#x631;&#x64A;&#x62E;</subfield>
    <subfield code="2">aucsh. 7</subfield>
    <subfield code="9">2320</subfield>
  </datafield>
  <datafield tag="650" ind1=" " ind2=" ">
    <subfield code="a">&#x627;&#x644;&#x646;&#x634;&#x631;</subfield>
    <subfield code="2">aucsh. 7</subfield>
    <subfield code="9">2321</subfield>
  </datafield>
  <datafield tag="650" ind1=" " ind2=" ">
    <subfield code="a">&#x627;&#x644;&#x643;&#x62A;&#x628;</subfield>
    <subfield code="x">&#x635;&#x646;&#x627;&#x639;&#x629; &#x648;&#x62A;&#x62C;&#x627;&#x631;&#x629;</subfield>
    <subfield code="2">aucsh.\\</subfield>
    <subfield code="9">2322</subfield>
  </datafield>
  <datafield tag="942" ind1=" " ind2=" ">
    <subfield code="2">ddc</subfield>
    <subfield code="c">BOOK</subfield>
  </datafield>
  <datafield tag="999" ind1=" " ind2=" ">
    <subfield code="c">3198</subfield>
    <subfield code="d">237698</subfield>
  </datafield>
  <datafield tag="952" ind1=" " ind2=" ">
    <subfield code="1">0</subfield>
    <subfield code="2">2013-03-10</subfield>
    <subfield code="4">0</subfield>
    <subfield code="7">0</subfield>
    <subfield code="a">686.20953 &#xD8;&#xAC; &#xD9;&#x8A; &#xD8;&#xB7;</subfield>
    <subfield code="d">2011-05-17</subfield>
    <subfield code="h">EMF</subfield>
    <subfield code="m">EMF</subfield>
    <subfield code="r">2013-03-10 00:00:00</subfield>
    <subfield code="y">0</subfield>
  </datafield>
  <datafield tag="952" ind1=" " ind2=" ">
    <subfield code="1">0</subfield>
    <subfield code="2">2013-03-10</subfield>
    <subfield code="4">0</subfield>
    <subfield code="7">0</subfield>
    <subfield code="a">686.209 &#x62C; &#x649; &#x637;</subfield>
    <subfield code="d">2011-08-08</subfield>
    <subfield code="h">EMF</subfield>
    <subfield code="i">00014371</subfield>
    <subfield code="m">EMF</subfield>
    <subfield code="r">2013-03-10 00:00:00</subfield>
    <subfield code="t">BOOK</subfield>
    <subfield code="w">ddc</subfield>
    <subfield code="y">0</subfield>
  </datafield>
  <datafield tag="952" ind1=" " ind2=" ">
    <subfield code="1">0</subfield>
    <subfield code="2">2013-03-10</subfield>
    <subfield code="4">0</subfield>
    <subfield code="7">0</subfield>
    <subfield code="a">686.209 &#x62C; &#x649; &#x637;</subfield>
    <subfield code="d">2011-09-01</subfield>
    <subfield code="h">EMF</subfield>
    <subfield code="i">00017733</subfield>
    <subfield code="m">EMF</subfield>
    <subfield code="r">2013-03-10 00:00:00</subfield>
    <subfield code="t">BOOK</subfield>
    <subfield code="w">ddc</subfield>
    <subfield code="y">0</subfield>
  </datafield>
  <datafield tag="952" ind1=" " ind2=" ">
    <subfield code="1">0</subfield>
    <subfield code="2">2013-03-10</subfield>
    <subfield code="4">0</subfield>
    <subfield code="7">0</subfield>
    <subfield code="a">686.209 &#x62C; &#x649; &#x637;</subfield>
    <subfield code="d">2011-12-24</subfield>
    <subfield code="h">EZF</subfield>
    <subfield code="i">00013902</subfield>
    <subfield code="m">EZF</subfield>
    <subfield code="r">2013-03-10 00:00:00</subfield>
    <subfield code="t">BOOK</subfield>
    <subfield code="w">ddc</subfield>
    <subfield code="y">0</subfield>
  </datafield>
</record>
